书目信息 |
| 题名: |
外国文学名著快读
|
|
| 作者: | 伍厚恺 主编 | |
| 分册: | ||
| 出版信息: | 成都 四川文艺出版社 2007.11 |
|
| 页数: | 382页 | |
| 开本: | 23cm | |
| 丛书名: | 中外“快读”文库 | |
| 单 册: | ||
| 中图分类: | I106 | |
| 科图分类: | ||
| 主题词: | 文学评论--wen xue ping lun--中国 | |
| 电子资源: | ||
| ISBN: | 978-7-5411-2622-2 | |
| 000 | 01047nam 2200289 450 | |
| 001 | 012008687755 | |
| 005 | 20081221104013.45 | |
| 010 | @a978-7-5411-2622-2@dCNY26.00 | |
| 100 | @a20081221d2007 em y0chiy0120 ea | |
| 101 | 0 | @achi |
| 102 | @aCN@b510000 | |
| 105 | @aa z 000yy | |
| 106 | @ar | |
| 200 | 1 | @a外国文学名著快读@Awai guo wen xue ming zhu kuai du@f伍厚恺主编@Fwu hou kai zhu bian |
| 205 | @a第3版 | |
| 210 | @a成都@c四川文艺出版社@d2007.11 | |
| 215 | @a382页@c图@d23cm | |
| 225 | 0 | @a中外“快读”文库@Azhong wai“kuai du”wen ku |
| 312 | @a英文并列题名取自封面 | |
| 330 | @a本书的知识性体现在“背景搜索”与“内容精要”两部分中。鉴赏性主要体现在“知名篇章”和“妙语佳句”两部分中。指导性实际贯穿于各部分之中,但更集中体现于“阅读指导”和“阅读建议”两部分。 | |
| 410 | 0 | @12001 @a中外快读文库 |
| 510 | 1 | @aForeign famous literary works@zeng |
| 606 | 0 | @a文学评论@Awen xue ping lun@y中国 |
| 690 | @aI106@v4 | |
| 701 | 0 | @a伍厚恺@Awu hou kai@4主编 |
| 801 | 0 | @aCN@bQSSK@c20081221 |
| 905 | @b736084-86@dI106@eW939@f3 | |
| 外国文学名著快读/伍厚恺主编.-第3版.-成都:四川文艺出版社,2007.11 |
| 382页:图;23cm.-(中外“快读”文库) |
| ISBN 978-7-5411-2622-2:CNY26.00 |
| 本书的知识性体现在“背景搜索”与“内容精要”两部分中。鉴赏性主要体现在“知名篇章”和“妙语佳句”两部分中。指导性实际贯穿于各部分之中,但更集中体现于“阅读指导”和“阅读建议”两部分。 |
| ● |
| 相关链接 |
|
|
|
正题名:外国文学名著快读
索取号:I106/W939
 
预约/预借
| 序号 | 登录号 | 条形码 | 馆藏地/架位号 | 状态 | 备注 |
| 1 | 736084 | 207360844 | 文学库108/108文学库 1排7列2层/ [索取号:I106/W939] | 在馆 | |
| 2 | 736085 | 207360853 | 文学库108/108文学库 1排7列2层/ [索取号:I106/W939] | 在馆 | |
| 3 | 736086 | 207360862 | 社科二线400B/400B社科库 18排2列6层/ [索取号:I106/W939] | 在馆 |